Economic development in Iran 1900 - 1970
Tallennettuna:
| Päätekijä: | |
|---|---|
| Aineistotyyppi: | Kirja |
| Kieli: | Undetermined |
| Julkaistu: |
New York
Oxford University Press
1971
|
| Tagit: |
Lisää tagi
Ei tageja, Lisää ensimmäinen tagi!
|
| Thư viện lưu trữ: | Trung tâm Học liệu Trường Đại học Cần Thơ |
|---|
| LEADER | 00460nam a2200169Ia 4500 | ||
|---|---|---|---|
| 001 | CTU_89641 | ||
| 008 | 210402s9999 xx 000 0 und d | ||
| 082 | |a 330.955 | ||
| 082 | |b B575 | ||
| 100 | |a Bharier, Julian | ||
| 245 | 0 | |a Economic development in Iran 1900 - 1970 | |
| 245 | 0 | |c Julian Bharier | |
| 260 | |a New York | ||
| 260 | |b Oxford University Press | ||
| 260 | |c 1971 | ||
| 904 | |i Mai Loan | ||
| 980 | |a Trung tâm Học liệu Trường Đại học Cần Thơ | ||